000 00720nas a2200241 4500
001 BR9101043
003 BR-BrBNA
005 20231205091940.0
007 ta
008 230509b bl.|||p| |||| 00| 00por d
040 _aBR-BrBNA
_bpor
_cBiblioteca Nacional de Agricultura
041 _a(Pt)
072 _aF02
100 1 _aPasqual, M.
100 1 _aAndo, A.
245 1 _aMicropropagacao da laranja valencia atraves da cultura de gemas axilares in vitro
650 _aLARANJA
650 _aGEMA
650 _aENRAIZAMENTO
773 0 _tPesquisa Agropecuaria Brasileira (Brazil)
_xISSN 0100-204X
_g(Jun 1989), v. 24(6) p. 723-726
_wBR9101043
909 _a202311
_bLúcia
_c55
_dLúcia Elande
942 _2AGRIS
_n0
_cANA
999 _c128304
_d128304